[Event "Pune op U1800 11th"]
[Site "Pune"]
[Date "2024.05.26"]
[Round "9"]
[White "Manna, Chiranjit"]
[Black "Chourasiya, Hemant"]
[Result "1-0"]
[WhiteElo "1759"]
[BlackElo "1629"]
[PlyCount "73"]
[EventDate "2024.05.24"]
[EventType "swiss"]
[EventRounds "9"]
[EventCountry "IND"]
[SourceTitle "CBM 220 Extra"]
[Source "ChessBase"]
[SourceDate "2024.07.31"]
[SourceVersion "1"]
[SourceVersionDate "2024.07.31"]
[SourceQuality "1"]

1. e4 e6 2. d4 d5 3. Nd2 dxe4 4. Nxe4 Bd7 5. Be3 Bc6 6. Ng3 Nf6 7. Nf3 Nbd7 8. Bd3 h5 9. h3 h4 10. Nf1 Nd5 11. Bd2 Bd6 12. Bg5 Be7 13. Bd2 Bd6 14. Bg5 Be7 15. Bd2 Bf6 16. c4 Ne7 17. Bc3 b6 18. N1d2 g6 19. Qe2 Bb7 20. 0-0-0 Bg7 21. Rhe1 c5 22. Ne4 Qc7 23. dxc5 Bxc3 24. Nd6+ Kf8 25. bxc3 Nxc5 26. Qe5 Rh5 27. Qf4 Nxd3+ 28. Rxd3 Nf5 29. Ne5 Nxd6 30. Rxd6 Rf5 31. Qd4 Kg8 32. Rd7 Qb8 33. Nxg6 Kh7 34. Rxe6 Qc8 35. Ne7 Qxd7 36. Qxh4+ Kg7 37. Qh6# 1-0

[Event "Pune op U1800 11th"]
[Site "Pune"]
[Date "2024.05.26"]
[Round "7"]
[White "Manna, Chiranjit"]
[Black "Kapadi, Yash"]
[Result "1/2-1/2"]
[WhiteElo "1759"]
[BlackElo "1705"]
[PlyCount "163"]
[EventDate "2024.05.24"]
[EventType "swiss"]
[EventRounds "9"]
[EventCountry "IND"]
[SourceTitle "CBM 220 Extra"]
[Source "ChessBase"]
[SourceDate "2024.07.31"]
[SourceVersion "1"]
[SourceVersionDate "2024.07.31"]
[SourceQuality "1"]

1. e4 d6 2. d4 Nf6 3. Nc3 e5 4. Nf3 Nbd7 5. Bc4 Be7 6. 0-0 0-0 7. Re1 c6 8. a4 Qc7 9. h3 b6 10. Ba2 a6 11. Qd3 Rb8 12. Ne2 d5 13. Ng3 Bd6 14. exd5 cxd5 15. dxe5 Nxe5 16. Nxe5 Bxe5 17. Ne2 Re8 18. c3 Bb7 19. Be3 Rbd8 20. Nd4 Ne4 21. Rad1 h6 22. Bb1 Bh2+ 23. Kh1 Bf4 24. Kg1 Bh2+ 25. Kf1 Bf4 26. f3 Nf6 27. Bf2 Bc8 28. Re2 Rxe2 29. Nxe2 Be5 30. Qe3 b5 31. axb5 axb5 32. Nd4 Re8 33. Re1 Bd7 34. Qd2 Bf4 35. Rxe8+ Bxe8 36. Qe2 b4 37. Be1 Be5 38. Qd3 g6 39. Qd2 bxc3 40. bxc3 Bf4 41. Qe2 Be5 42. Bd3 Nh5 43. Qb2 Nf4 44. Ba6 Qd6 45. Qa2 Bd7 46. Bd2 Qf6 47. Be3 Nh5 48. Bd3 Nf4 49. Qa8+ Kg7 50. Qa6 Ne6 51. Qa7 Be8 52. Nxe6+ Qxe6 53. Bd4 Qf6 54. Qc5 Bxd4 55. Qxd4 Qxd4 56. cxd4 Kf6 57. Kf2 Kg5 58. g3 Bd7 59. h4+ Kf6 60. Ke3 g5 61. hxg5+ Kxg5 62. Be2 Bh3 63. f4+ Kf5 64. Bh5 Ke6 65. Bf3 Bf5 66. g4 Bc2 67. f5+ Kd6 68. Kf4 Bb3 69. Kg3 Ke7 70. Kh4 Kf6 71. Kh5 Kg7 72. Be2 Bc4 73. Bd1 Bd3 74. Bf3 Bc4 75. Kh4 Kf6 76. Kh5 Kg7 77. Bd1 Bd3 78. Bf3 Bc4 79. Kh4 Kf6 80. Kh5 Kg7 81. Kh4 Kf6 82. Kh5 1/2-1/2

[Event "Pune Rapid op 12th"]
[Site "Pune"]
[Date "2024.05.23"]
[Round "9"]
[White "Abhishek, Kelkar"]
[Black "Manna, Chiranjit"]
[Result "1-0"]
[WhiteElo "2137"]
[BlackElo "1701"]
[PlyCount "95"]
[EventDate "2024.05.23"]
[EventType "swiss (rapid)"]
[EventRounds "9"]
[EventCountry "IND"]
[SourceTitle "CBM 220 Extra"]
[Source "ChessBase"]
[SourceDate "2024.07.31"]
[SourceVersion "1"]
[SourceVersionDate "2024.07.31"]
[SourceQuality "1"]

1. d4 Nf6 2. c4 g6 3. h4 Bg7 4. Nc3 h5 5. e4 d6 6. Nf3 Nfd7 7. Be2 c5 8. d5 Nf6 9. Bg5 Nbd7 10. Qc2 Ng4 11. Nd2 Bd4 12. Bxg4 hxg4 13. Nb3 Bg7 14. 0-0-0 Ne5 15. Qe2 Qb6 16. Nb1 Qa6 17. Na3 Bd7 18. f4 gxf3 19. gxf3 Rb8 20. f4 Bg4 21. Qc2 Nf3 22. Rdf1 Nd4 23. Nxd4 Bxd4 24. f5 f6 25. Bd2 gxf5 26. exf5 Be5 27. Bc3 Bh5 28. Kb1 Kf8 29. Rhg1 Kf7 30. Nb5 Qb6 31. Bxe5 dxe5 32. d6 a6 33. Qg2 Rbg8 34. Qd5+ Kf8 35. Rxg8+ Rxg8 36. dxe7+ Kxe7 37. Qxg8 Bf7 38. Qc8 axb5 39. Rd1 Be8 40. cxb5 Bxb5 41. h5 e4 42. h6 Bd3+ 43. Ka1 c4 44. h7 c3 45. Qe6+ Qxe6 46. fxe6 c2 47. Rc1 e3 48. h8Q 1-0

[Event "Udaipur Holi Cup 6th"]
[Site "Udaipur"]
[Date "2024.04.01"]
[Round "3"]
[White "Arpith, S Bijoy"]
[Black "Manna, Chiranjit"]
[Result "1/2-1/2"]
[WhiteElo "2020"]
[BlackElo "1753"]
[PlyCount "144"]
[EventDate "2024.03.31"]
[EventType "swiss"]
[EventRounds "9"]
[EventCountry "IND"]
[SourceTitle "CBM 219 Extra"]
[Source "ChessBase"]
[SourceDate "2024.05.31"]
[SourceVersion "1"]
[SourceVersionDate "2024.05.31"]
[SourceQuality "1"]

1. b3 e5 2. Bb2 Nc6 3. e3 d5 4. Bb5 Bd6 5. f4 Qe7 6. fxe5 Bxe5 7. Bxe5 Qxe5 8. Nc3 Nf6 9. Nf3 Qd6 10. 0-0 Bg4 11. Qe1 Bxf3 12. Rxf3 0-0 13. Bxc6 Qxc6 14. Rc1 Ne4 15. Ne2 Qa6 16. d3 Ng5 17. Rg3 Ne6 18. Qc3 f6 19. Rf1 Kh8 20. a4 Qd6 21. Rf5 Rad8 22. Nd4 c6 23. Rh5 Rf7 24. Nxe6 Qxe6 25. Qd4 b6 26. Qh4 g5 27. Qb4 c5 28. Qd2 Re7 29. h4 gxh4 30. Rxh4 Rg8 31. Rf3 Reg7 32. Rhf4 Rg6 33. Qf2 Rf8 34. e4 dxe4 35. Rxe4 Qd6 36. Rfe3 Rfg8 37. Re8 Rxe8 38. Rxe8+ Rg8 39. Re4 Rg5 40. Qf3 Kg7 41. a5 bxa5 42. Qf4 Re5 43. Qg3+ Kf7 44. Rg4 Qf8 45. Qf4 h5 46. Qc4+ Ke7 47. Rg8 Qh6 48. Ra8 Qe3+ 49. Kh2 Re6 50. Rxa7+ Kf8 51. Ra8+ Kg7 52. Ra7+ Kh6 53. Qh4 Qe5+ 54. Qg3 Qxg3+ 55. Kxg3 Re2 56. c4 Re3+ 57. Kh2 Rxd3 58. Rxa5 Rxb3 59. Rxc5 Rc3 60. Rc8 Kg5 61. Rc5+ Kg4 62. Rc8 h4 63. c5 h3 64. c6 hxg2 65. Kxg2 Rc2+ 66. Kf1 Kf3 67. Ke1 f5 68. Kd1 Rc5 69. Kd2 f4 70. Kd3 Kf2 71. Kd4 Rc1 72. Kd5 f3 1/2-1/2